Cambridge Grammar for PET with answers: Self-study grammar reference and practice

Opis bibliograficzny
1. autor: Hashemi L. Louise
Kolejni autorzy: Thomas B. Barbara
Streszczenie:Do you want to be confident that you have covered all the grammar for the PET exam? Would you like to improve your listening skills atthe sametime? Cambridge Grammar for PET provides comprehensive coverage of the grammar needed for the exam and gives you the chance to hear grammar being used in different situations, as well as offering plenty of exam practice. Presents grammar in a listening context Contains clear and reliable grammar explanations with lots of examples Practises a range of PET exam tasks from the Reading, Writing and Listening papers Includesa helpful grammar glossary
Język:angielski
Wydane: Cambridge, Cambridge University Press, 2010
Wydanie:5th ed.
Seria:Cambridge Books for Cambridge Exams
Hasła przedmiotowe:
Format: Książka
KOHA link:https://koha.lib.tpu.ru/cgi-bin/koha/opac-detail.pl?biblionumber=196522

MARC

LEADER 00000nam0a2200000 4500
001 196522
005 20231101224710.0
010 |a 9780521601207 
035 |a (RuTPU)RU\TPU\book\214392 
035 |a RU\TPU\book\214388 
090 |a 196522 
100 |a 20110525d2010 m y0engy50 ba 
101 0 |a eng 
102 |a GB 
105 |a a j 000zy 
200 1 |a Cambridge Grammar for PET with answers  |e Self-study grammar reference and practice  |f L. Hashemi, B. Thomas 
205 |a 5th ed. 
210 |a Cambridge  |c Cambridge University Press  |d 2010 
215 |a 216 с.  |c il.  |e 2CD-ROM 
225 1 |a Cambridge Books for Cambridge Exams 
330 |a Do you want to be confident that you have covered all the grammar for the PET exam? Would you like to improve your listening skills atthe sametime? Cambridge Grammar for PET provides comprehensive coverage of the grammar needed for the exam and gives you the chance to hear grammar being used in different situations, as well as offering plenty of exam practice. Presents grammar in a listening context Contains clear and reliable grammar explanations with lots of examples Practises a range of PET exam tasks from the Reading, Writing and Listening papers Includesa helpful grammar glossary 
606 1 |a Английский язык  |x Учебные руководства и пособия для высшей школы  |x Пособия по грамматике  |2 stltpush  |3 (RuTPU)RU\TPU\subj\29073  |9 52485 
610 1 |a лексика 
610 1 |a чтение 
610 1 |a письмо 
610 1 |a упражнения 
610 1 |a сертификаты 
686 |a Ш143.21-923.2  |v LBC/SL-A  |2 rubbk 
686 |a Ш143.21-923  |v LBC/SL-A  |2 rubbk 
700 1 |a Hashemi  |b L.  |g Louise 
701 1 |a Thomas  |b B.  |g Barbara 
801 1 |a RU  |b 63413507  |c 20110525 
801 2 |a RU  |b 63413507  |c 20230207  |g RCR 
942 |c BK